Commercial and industrial property vacancy rates (Record no. 117605)

MARC details
000 -LEADER
fixed length control field 01332cam a2200241 4500
001 - CONTROL NUMBER
control field WB4025-07
008 - FIXED-LENGTH DATA ELEMENTS--GENERAL INFORMATION
fixed length control field 040629n2004 000 0 eng u
035 ## - SYSTEM CONTROL NUMBER
System control number (Sirsi) u126621
245 ## - TITLE STATEMENT
Title Commercial and industrial property vacancy rates
260 ## - PUBLICATION, DISTRIBUTION, ETC.
Date of publication, distribution, etc. 2004
490 ## - SERIES STATEMENT
Series statement ODPM Statistical Release
Volume/sequential designation 25 June 2004 (10)
520 ## - SUMMARY, ETC.
Summary, etc. ODPM has released statistics showing vacancy rates for commercial and industrial property in English local authorities for 2001/02 and 2002/03. The average vacancy rate for properties in England as a whole was 8% in 2002/03 with northwest England and the West Midlands at 10% having the highest vacancy rates for the government office regions and southwest England with 6% the lowest. A table of experimental statistics of English vacancy rates from 1998-99 to 2002-03 has also been published at http://www.odpm.gov.uk/stellent/groups/odpm_planni ng/documents/page/odpm_plan_029343.xls. The statistical release is available at http://www.odpm.gov.uk/stellent/groups/odpm_planni ng/documents/page/odpm_plan_029342.pdf.
590 ## - LOCAL NOTE (RLIN)
Local note WB
590 ## - LOCAL NOTE (RLIN)
Local note WB
650 ## - SUBJECT ADDED ENTRY--TOPICAL TERM
Topical term or geographic name entry element VACANCY RATES
650 ## - SUBJECT ADDED ENTRY--TOPICAL TERM
Topical term or geographic name entry element WEST MIDLANDS
650 ## - SUBJECT ADDED ENTRY--TOPICAL TERM
Topical term or geographic name entry element INDUSTRIAL MARKET
650 ## - SUBJECT ADDED ENTRY--TOPICAL TERM
Topical term or geographic name entry element NORTHWEST ENGLAND
650 ## - SUBJECT ADDED ENTRY--TOPICAL TERM
Topical term or geographic name entry element SOUTHWEST ENGLAND
650 ## - SUBJECT ADDED ENTRY--TOPICAL TERM
Topical term or geographic name entry element STATISTICS
690 ## - LOCAL SUBJECT ADDED ENTRY--TOPICAL TERM (OCLC, RLIN)
Topical term or geographic name as entry element COMMERCIAL PROPERTY-MARKET
942 ## - ADDED ENTRY ELEMENTS (KOHA)
Suppress in OPAC 0
Holdings
Withdrawn status Lost status Source of classification or shelving scheme Damaged status Not for loan Home library Current library Shelving location Date acquired Total Checkouts Full call number Barcode Date last seen Copy number Price effective from Koha item type
    Dewey Decimal Classification     London London News article 29/06/2004   WB4025-07 126621-1001 06/08/2019 1 06/08/2019 News article